000 00830nam a2200241Ia 4500
003 OSt
005 20220923225446.0
006 a|||||r|||| 00| 0
007 ta
008 220922b |||||||| |||| 00| 0 hin d
024 _a268,434
037 _cTextual
040 _aARTS
_cARTS
_bhin
041 _2hin
_ahin
082 _aQ2:22(V:74), 152M9
100 _aजैन, कुॅंवरलाल
245 0 _aपुराणों में वंशानुक्रमिक कालक्रम
246 _aPurāṇoan mean vanshānukramik kālakrama
260 _aदिल्ली
_b इतिहास विद्या प्रकाशन
_c1989
650 _aधर्म
942 _hQ2:22(V:74), 152M9
_cTEXL
_2CC
999 _c378375
_d378375